| 000 | 00403nam a22001697a 4500 | ||
|---|---|---|---|
| 003 | MACL | ||
| 005 | 20151223142952.0 | ||
| 008 | 151223b xxu||||| |||| 00| 0 eng d | ||
| 040 | _cMACL | ||
| 041 | _aEnglish | ||
| 082 | _a900/SIN | ||
| 100 |
_aJaswant Singh _922444 |
||
| 245 | _aIndia - Partition Independence | ||
| 260 |
_aNew Delhi _bRupa CO _c2010 |
||
| 650 |
_aHistory _922445 |
||
| 942 |
_2ddc _cBK |
||
| 999 |
_c51683 _d51683 |
||